| 000 | 00632nam a22001937a 4500 | ||
|---|---|---|---|
| 999 |
_c191978 _d191978 |
||
| 005 | 20220908113815.0 | ||
| 010 | _aUR-11714 | ||
| 020 |
_a9789350737439 _c300.00 |
||
| 035 | _aU-10269 | ||
| 037 |
_bDBAD/PUB _a- |
||
| 082 | _a920 | ||
| 100 | _aشاہد محمود پوری | ||
| 245 |
_aنقوش افکار / _cشاہد محمود پوری _hا ر د و |
||
| 246 |
_aNuqooshe Afkar / _bby Shahid Mahmood Puri |
||
| 260 |
_aDelhi _bEducational Publishing House _c2015 ء |
||
| 270 |
_a3191, Vakil Street, Kucha Pandit, Lal Kuan _bDelhi _e110006 |
||
| 300 |
_a343 ص _c23cm(Hb) |
||
| 942 |
_2ddc _cUR _h920 _mش ا ہ |
||